Born in Florence - Statistics

General Stats
  • This quiz has been taken 40 times
    5 since last reset
  • The average score is 10 of 18
Answer Stats
Hint Answer % Correct
Poet and writer, "Divine Comedy" 1265 Dante Alighieri
100%
Founder of Gucci 1881 Guccio Gucci
100%
Banker, statesman, patron of artists and member of a powerful Florentine family 1449 Lorenzo de Medici
100%
Businessman, he was assassinated by a hitman hired by his former wife. Adam Driver portrays him in "House of Gucci" 1948 Maurizio Gucci
100%
Philosopher and author, he is considered the father of modern political philosophy "The Prince" 1469 Niccolò Machiavelli
100%
Painter of the Early Renaissance, "The Birth of Venus" 1445 Sandro Botticelli
100%
Merchant and explorer, the Americas are named after him 1454 Amerigo Vespucci
80%
Sculptor, "David" 1386 Donatello
80%
British social reformer and founder of modern nursing 1820 Florence Nightingale
60%
Actress, "Maria" "Giovanna's Father" "La chimera" 1979 Alba Rohrwacher
20%
Inventor best known for developing a voice-communication apparatus that some credit as the first telephone 1808 Antonio Meucci
20%
Author, "The Adventures of Pinocchio" 1826 Carlo Collodi
20%
President of the European Parliament from 2019 until his death in 2022 1956 David Sassoli
20%
Tennis player and Wimbledon quarterfinalist 2025 2002 Flavio Cobolli
20%
Physicist widely considered the father of string theory 1942 Gabriele Veneziano
20%
Prime Minister of Italy from 1995 to 1996 and Foreign Minister from 1996 to 2001 1931 Lamberto Dini
20%
Prime Minister of Italy from 2014 to 2016 1975 Matteo Renzi
20%
American actress, "Scream" "Charmed" 1973 Rose McGowan
20%
No matching quizzes found
Score Distribution
Percent of People with Each Score
Percentile by Number Answered
Your Score History
You have not taken this quiz since the last reset